| 000 | 01104nam a2200277Ia 4500 | ||
|---|---|---|---|
| 999 |
_c4926 _d4926 |
||
| 003 | OSt | ||
| 005 | 20200402131349.0 | ||
| 008 | 191128s1963 mx gr 001 0 spa d | ||
| 020 | _a9684190999 | ||
| 040 |
_aCO-JMCR _cCO-JMCR |
||
| 041 | 0 | _aspa | |
| 082 | 0 | 4 |
_a146 .3 / _bK86d |
| 100 | 1 |
_aKosik, Karel, _eautor _92442 |
|
| 245 | 1 | 0 |
_aDialéctica de lo concreto : _bestudio sobre los problemas del hombre y el mundo / _cKarel Kosik |
| 250 | _aprimera edición | ||
| 260 |
_aMéxico : _bGrijalbo, _c1963 |
||
| 300 |
_a269 páginas ; _c19 cm. |
||
| 490 | 0 |
_aTeoría y Práxis ; _v18 |
|
| 505 | _aDialéctica de la totalidad concreta -- Economía y filosofía -- Filosofía y economía -- Praxis y totalidad | ||
| 520 | _aLa presente obra del filósofo checo Karel Kosik se inscribe en el movimiento antidogmático y renovador que se abre paso en el campo marxista desde hace ya dos decada. | ||
| 650 | 1 | 4 |
_aMaterialismo dialéctico _91915 |
| 650 | 2 | 4 |
_aFilosofía Dialéctica _92443 |
| 650 | 2 | 4 |
_aFilosofía Marxismo _92444 |
| 700 | 1 |
_aSánchez Vásquez, Adolfo _eautor _92445 |
|
| 942 |
_2ddc _cBK |
||